000 00283nam a2200109Ia 4500
008 200302s9999 xx 000 0 und d
100 _aO. Ostrowsky
245 _aEngineering Drawing With Cad Applications
260 _bEnglish Language Book Society
260 _c1989
300 _a172 P.,
999 _c745
_d745